Logique - Mort Subite #21 - Statistiques

Statistiques générales
  • Ce quiz a été pris 177 fois
    172 depuis la dernière actualisation
  • Le résultat moyen est 2 sur 26
Answers on the Grid
Answers color-coded by a green-red scale on the quiz's grid according to % correct below.
Zara
Irrécupérable
Barry
Curieux
Weed
Funafuti
Vehicule
Tony
Vodka
Whisky
Filou
Get 27
Aristocrate
Honduras
Extirpé
Interesser
Regroupement
Beauté
Juin
Sarah
Zazie
Keum
Monoprix
Nom
Ron Weasley
Lugo
Juron
Mignon
C'est bon clique
Ranchi
Trisomie
Tong
Orgasme
Un oeuf
Pack
Opel
Interdit
Heracles
Jean du 25
Violemment
Préservatifs
Starfoulah
Avoriaz
Gagnant
Pignouf
Boy
X static
Eliseev
 
Statistiques - réponses
Réponse % Correct
Zara
57%
Weed
23%
Get 27
20%
Barry
17%
Curieux
17%
Vehicule
9%
Heracles
6%
Honduras
6%
Sarah
6%
X static
6%
Avoriaz
5%
Jean du 25
5%
Opel
5%
Starfoulah
5%
Eliseev
4%
Nom
4%
Un oeuf
4%
Boy
3%
Filou
3%
Interesser
3%
Lugo
3%
Tong
3%
Gagnant
2%
Mignon
2%
Pack
1%
Ranchi
1%
Aucun quiz correspondant
Distribution des résultats
% des personnes avec chaque résultat
Percentile par nombre de réponses
Votre historique - résultats
Vous n’avez pas pris ce quiz depuis la dernière actualisation